[Event "Benidorm Satellite preliminary"]
[Site "playchess.com #007036"]
[Date "2009.10.24"]
[Round "13"]
[White "Direchess"]
[Black "Roefe"]
[Result "1-0"]
[WhiteElo "1944"]
[BlackElo "1684"]
[PlyCount "77"]
[EventDate "2009.10.24"]
[EventType "swiss (blitz)"]

1. e4 {[%emt 0:00:04]} c5 {[%emt 0:00:02]} 2. Nf3 {[%emt 0:00:01]} e6 {[%emt 0:
00:01]} 3. d4 {[%emt 0:00:01]} cxd4 {[%emt 0:00:00]} 4. Nxd4 {[%emt 0:00:01]}
a6 {[%emt 0:00:01]} 5. Bd3 {[%emt 0:00:00]} d6 {[%emt 0:00:01]} 6. O-O {[%emt
0:00:01]} Nf6 {[%emt 0:00:01]} 7. Nc3 {[%emt 0:00:01]} Be7 {[%emt 0:00:01]} 8.
Kh1 {[%emt 0:00:04]} O-O {[%emt 0:00:02]} 9. f4 {[%emt 0:00:01]} Nfd7 {[%emt 0:
00:01]} 10. Qe1 {[%emt 0:00:04]} Re8 {[%emt 0:00:02]} 11. f5 {[%emt 0:00:02]}
e5 {[%emt 0:00:02]} 12. Nf3 {[%emt 0:00:04]} b5 {[%emt 0:00:12]} 13. Nd5 {
[%emt 0:00:01]} Bf8 {[%emt 0:00:02]} 14. g4 {[%emt 0:00:06]} Bb7 {[%emt 0:00:
02]} 15. Nc3 {[%emt 0:00:04]} Nc6 {[%emt 0:00:02]} 16. g5 {[%emt 0:00:02]} Nb4
{[%emt 0:00:02]} 17. h4 {[%emt 0:00:04]} Nc5 {[%emt 0:00:03]} 18. Qe2 {[%emt 0:
00:05]} Nbxd3 {[%emt 0:00:08]} 19. cxd3 {[%emt 0:00:00]} b4 {[%emt 0:00:11]}
20. Nd1 {[%emt 0:00:03]} b3 {[%emt 0:00:04]} 21. Ne3 {[%emt 0:00:09]} bxa2 {
[%emt 0:00:08]} 22. Rxa2 {[%emt 0:00:00]} Qb6 {[%emt 0:00:08]} 23. f6 {[%emt 0:
00:06]} g6 {[%emt 0:00:02]} 24. h5 {[%emt 0:00:06]} Qb5 {[%emt 0:00:16]} 25.
Ne1 {[%emt 0:00:05]} Nb3 {[%emt 0:00:07]} 26. hxg6 {[%emt 0:00:14]} fxg6 {
[%emt 0:00:05]} 27. Bd2 {[%emt 0:00:26]} Rec8 {[%emt 0:00:23]} 28. Bc3 {[%emt
0:00:16]} Bxe4+ {[%emt 0:00:04]} 29. Kh2 {[%emt 0:00:07]} Bb7 {[%emt 0:00:06]}
30. Nc4 {[%emt 0:00:05]} Kf7 {[%emt 0:00:37]} 31. Bxe5 {[%emt 0:00:07]} Nc1 {
[%emt 0:00:14]} 32. Qg4 {[%emt 0:00:25]} dxe5 {[%emt 0:00:12]} 33. Ra5 {[%emt
0:00:07]} Qc6 {[%emt 0:00:15]} 34. Nxe5+ {[%emt 0:00:02]} Kg8 {[%emt 0:00:06]}
35. Nxc6 {[%emt 0:00:07]} Rxc6 {[%emt 0:00:01]} 36. f7+ {[%emt 0:00:02]} Kh8 {
[%emt 0:00:04]} 37. Qd4+ {[%emt 0:00:01]} Bg7 {[%emt 0:00:01]} 38. f8=Q+ {
[%emt 0:00:01]} Rxf8 {[%emt 0:00:02]} 39. Rxf8# {[%emt 0:00:00]} 1-0

[Event "Benidorm Satellite preliminary"]
[Site "playchess.com #007036"]
[Date "2009.10.24"]
[Round "13"]
[White "Lagano"]
[Black "Džundi"]
[Result "1/2-1/2"]
[WhiteElo "1986"]
[BlackElo "2521"]
[PlyCount "96"]
[EventDate "2009.10.24"]
[EventType "swiss (blitz)"]

1. e4 {[%emt 0:00:01]} d5 {[%emt 0:00:04]} 2. exd5 {[%emt 0:00:02]} Qxd5 {
[%emt 0:00:01]} 3. Nc3 {[%emt 0:00:02]} Qd6 {[%emt 0:00:01]} 4. g3 {[%emt 0:00:
02]} Nf6 {[%emt 0:00:02]} 5. Bg2 {[%emt 0:00:01]} c5 {[%emt 0:00:01]} 6. d3 {
[%emt 0:00:01]} Nc6 {[%emt 0:00:01]} 7. Nf3 {[%emt 0:00:05]} e5 {[%emt 0:00:03]
} 8. O-O {[%emt 0:00:02]} Be7 {[%emt 0:00:01]} 9. Re1 {[%emt 0:00:02]} O-O {
[%emt 0:00:02]} 10. Ne4 {[%emt 0:00:15]} Qc7 {[%emt 0:00:04]} 11. Nxf6+ {[%emt
0:00:03]} Bxf6 {[%emt 0:00:01]} 12. Be3 {[%emt 0:00:02]} b6 {[%emt 0:00:09]}
13. a3 {[%emt 0:00:03]} Bb7 {[%emt 0:00:02]} 14. Nd2 {[%emt 0:00:01]} Rad8 {
[%emt 0:00:02]} 15. Ne4 {[%emt 0:00:03]} Be7 {[%emt 0:00:01]} 16. Qh5 {[%emt 0:
00:15]} f6 {[%emt 0:00:03]} 17. Rad1 {[%emt 0:00:12]} Nd4 {[%emt 0:00:01]} 18.
Bxd4 {[%emt 0:00:03]} cxd4 {[%emt 0:00:02]} 19. c4 {[%emt 0:00:14]} dxc3 {
[%emt 0:00:02]} 20. Nxc3 {[%emt 0:00:07]} Bxg2 {[%emt 0:00:02]} 21. Kxg2 {
[%emt 0:00:01]} Bxa3 {[%emt 0:00:01]} 22. Qe2 {[%emt 0:00:46]} Bb4 {[%emt 0:00:
04]} 23. Rc1 {[%emt 0:00:18]} Qd7 {[%emt 0:00:06]} 24. Red1 {[%emt 0:00:02]}
Bxc3 {[%emt 0:00:22]} 25. Rxc3 {[%emt 0:00:04]} Qd5+ {[%emt 0:00:01]} 26. f3 {
[%emt 0:00:05]} Rc8 {[%emt 0:00:02]} 27. Rdc1 {[%emt 0:00:03]} Rxc3 {[%emt 0:
00:02]} 28. Rxc3 {[%emt 0:00:01]} Rd8 {[%emt 0:00:01]} 29. Qc2 {[%emt 0:00:04]}
Rd7 {[%emt 0:00:08]} 30. Rc8+ {[%emt 0:00:04]} Kf7 {[%emt 0:00:01]} 31. Rc7 {
[%emt 0:00:03]} h5 {[%emt 0:00:09]} 32. h4 {[%emt 0:00:09]} Ke6 {[%emt 0:00:08]
} 33. Rc6+ {[%emt 0:00:10]} Ke7 {[%emt 0:00:03]} 34. Rc7 {[%emt 0:00:02]} Rxc7
{[%emt 0:00:02]} 35. Qxc7+ {[%emt 0:00:02]} Qd7 {[%emt 0:00:00]} 36. Qc4 {
[%emt 0:00:02] Lagano offers a draw} b5 {[%emt 0:00:13]} 37. Qg8 {[%emt 0:00:
05]} Kd6 {[%emt 0:00:01]} 38. Qb3 {[%emt 0:00:08]} Kc5 {[%emt 0:00:03]} 39.
Qc3+ {[%emt 0:00:04]} Kb6 {[%emt 0:00:01]} 40. b4 {[%emt 0:00:06]} Qc7 {[%emt
0:00:02]} 41. Qb3 {[%emt 0:00:01]} a5 {[%emt 0:00:03]} 42. Qe6+ {[%emt 0:00:03]
} Kb7 {[%emt 0:00:01]} 43. Qd5+ {[%emt 0:00:04]} Ka6 {[%emt 0:00:04]} 44. Qa8+
{[%emt 0:00:05]} Qa7 {[%emt 0:00:04]} 45. Qc6+ {[%emt 0:00:02]} Qb6 {[%emt 0:
00:02]} 46. Qa8+ {[%emt 0:00:01]} Qa7 {[%emt 0:00:01]} 47. Qc6+ {[%emt 0:00:01]
} Qb6 {[%emt 0:00:02]} 48. Qa8+ {[%emt 0:00:01]} Qa7 {[%emt 0:00:03]} 1/2-1/2

[Event "Benidorm Satellite preliminary"]
[Site "playchess.com #007036"]
[Date "2009.10.24"]
[Round "13"]
[White "Schachkanone2"]
[Black "Lei"]
[Result "0-1"]
[WhiteElo "1407"]
[BlackElo "1356"]
[PlyCount "56"]
[EventDate "2009.10.24"]
[EventType "swiss (blitz)"]

1. e4 {[%emt 0:00:01]} e5 {[%emt 0:00:01]} 2. f4 {[%emt 0:00:02]} Nc6 {[%emt 0:
00:02]} 3. Nf3 {[%emt 0:00:03]} exf4 {[%emt 0:00:01]} 4. Bc4 {[%emt 0:00:02]}
f6 {[%emt 0:00:02]} 5. O-O {[%emt 0:00:01]} g5 {[%emt 0:00:01]} 6. d4 {[%emt 0:
00:03]} Nge7 {[%emt 0:00:11]} 7. e5 {[%emt 0:00:05]} d5 {[%emt 0:00:15]} 8.
exf6 {[%emt 0:00:16]} dxc4 {[%emt 0:00:07]} 9. fxe7 {[%emt 0:00:01]} Bxe7 {
[%emt 0:00:06]} 10. d5 {[%emt 0:00:26]} Nb4 {[%emt 0:00:14]} 11. Nc3 {[%emt 0:
00:04]} Bf5 {[%emt 0:00:14]} 12. a3 {[%emt 0:00:07]} Nxc2 {[%emt 0:00:19]} 13.
Ra2 {[%emt 0:00:11]} Bc5+ {[%emt 0:00:05]} 14. Kh1 {[%emt 0:00:04]} Ne3 {[%emt
0:00:06]} 15. Bxe3 {[%emt 0:00:02]} Bxe3 {[%emt 0:00:02]} 16. Nxg5 {[%emt 0:00:
11]} Qxg5 {[%emt 0:00:06]} 17. d6 {[%emt 0:00:11]} O-O-O {[%emt 0:00:11]} 18.
Nb5 {[%emt 0:00:07]} cxd6 {[%emt 0:00:33]} 19. Nxd6+ {[%emt 0:00:09]} Kb8 {
[%emt 0:00:01]} 20. Qd5 {[%emt 0:00:10]} Rxd6 {[%emt 0:00:30]} 21. Qxd6+ {
[%emt 0:00:02]} Ka8 {[%emt 0:00:04]} 22. b4 {[%emt 0:00:12]} Be4 {[%emt 0:00:
03]} 23. Rd1 {[%emt 0:00:36] .} Rg8 {[%emt 0:00:11]} 24. Rdd2 {[%emt 0:00:21]}
Bxd2 {[%emt 0:00:08]} 25. Rxd2 {[%emt 0:00:02]} Bxg2+ {[%emt 0:00:02]} 26. Kg1
{[%emt 0:00:05]} Bf3+ {[%emt 0:00:05]} 27. Kf2 {[%emt 0:00:03]} Qg2+ {[%emt 0:
00:04]} 28. Ke1 {[%emt 0:00:01]} Qg1# {[%emt 0:00:05]} 0-1

[Event "Benidorm Satellite preliminary"]
[Site "playchess.com #007036"]
[Date "2009.10.24"]
[Round "13"]
[White "Retep1"]
[Black "Misu2008"]
[Result "1-0"]
[WhiteElo "1703"]
[BlackElo "1851"]
[PlyCount "63"]
[EventDate "2009.10.24"]
[EventType "swiss (blitz)"]

1. d4 {[%emt 0:00:00]} d5 {[%emt 0:00:02]} 2. c4 {[%emt 0:00:04]} c6 {[%emt 0:
00:01]} 3. Nf3 {[%emt 0:00:09]} e6 {[%emt 0:00:01]} 4. Nc3 {[%emt 0:00:04]}
dxc4 {[%emt 0:00:01]} 5. a4 {[%emt 0:00:07]} Bb4 {[%emt 0:00:01]} 6. e3 {[%emt
0:00:05]} b5 {[%emt 0:00:02]} 7. Bd2 {[%emt 0:00:05]} Bb7 {[%emt 0:00:36]} 8.
Ne5 {[%emt 0:00:13]} Bxc3 {[%emt 0:00:26]} 9. Bxc3 {[%emt 0:00:08]} a5 {[%emt
0:00:34]} 10. Qg4 {[%emt 0:00:12]} Qf6 {[%emt 0:00:17]} 11. d5 {[%emt 0:00:44]}
Nh6 {[%emt 0:00:18]} 12. Qh5 {[%emt 0:00:06]} Qf5 {[%emt 0:00:09]} 13. Qxf5 {
[%emt 0:00:06]} Nxf5 {[%emt 0:00:01]} 14. dxc6 {[%emt 0:00:07]} Nxc6 {[%emt 0:
00:04]} 15. axb5 {[%emt 0:00:02]} Nxe5 {[%emt 0:00:10]} 16. Bxe5 {[%emt 0:00:
04]} f6 {[%emt 0:00:01]} 17. Bc7 {[%emt 0:00:10]} a4 {[%emt 0:00:11]} 18. Bxc4
{[%emt 0:00:10]} Kd7 {[%emt 0:00:04]} 19. b6 {[%emt 0:00:06]} Bxg2 {[%emt 0:00:
06]} 20. Rg1 {[%emt 0:00:06]} Nh4 {[%emt 0:00:01]} 21. O-O-O+ {[%emt 0:00:15]}
Kc6 {[%emt 0:00:08]} 22. Bxe6 {[%emt 0:00:07]} g5 {[%emt 0:00:01]} 23. Rxg2 {
[%emt 0:00:07]} Nxg2 {[%emt 0:00:02]} 24. Bd5+ {[%emt 0:00:07]} Kb5 {[%emt 0:
00:00]} 25. Bxg2 {[%emt 0:00:02]} a3 {[%emt 0:00:01]} 26. bxa3 {[%emt 0:00:01]}
Rxa3 {[%emt 0:00:02]} 27. Rd2 {[%emt 0:00:01]} f5 {[%emt 0:00:17]} 28. b7 {
[%emt 0:00:03]} Ra1+ {[%emt 0:00:02]} 29. Kb2 {[%emt 0:00:02]} Ra7 {[%emt 0:00:
01]} 30. b8=Q+ {[%emt 0:00:02]} Rxb8 {[%emt 0:00:00]} 31. Bxb8 {[%emt 0:00:01]}
Ra2+ {[%emt 0:00:05]} 32. Kxa2 {[%emt 0:00:03]} 1-0

[Event "Benidorm Satellite preliminary"]
[Site "playchess.com #007036"]
[Date "2009.10.24"]
[Round "13"]
[White "Zoschi"]
[Black "Jahhaj"]
[Result "0-1"]
[WhiteElo "1683"]
[BlackElo "1901"]
[PlyCount "66"]
[EventDate "2009.10.24"]
[EventType "swiss (blitz)"]

1. d4 {[%emt 0:00:02]} d5 {[%emt 0:00:02]} 2. Nf3 {[%emt 0:00:02]} Nf6 {[%emt
0:00:02]} 3. c4 {[%emt 0:00:01]} c6 {[%emt 0:00:01]} 4. e3 {[%emt 0:00:02]} e6
{[%emt 0:00:02]} 5. cxd5 {[%emt 0:00:05]} exd5 {[%emt 0:00:06]} 6. Nc3 {[%emt
0:00:02]} Bf5 {[%emt 0:00:04]} 7. Bd3 {[%emt 0:00:01]} Qd7 {[%emt 0:00:04]} 8.
O-O {[%emt 0:00:04]} Bd6 {[%emt 0:00:03]} 9. a3 {[%emt 0:00:07]} Bg4 {[%emt 0:
00:09]} 10. Be2 {[%emt 0:00:03]} O-O {[%emt 0:00:02]} 11. h3 {[%emt 0:00:01]}
Bh5 {[%emt 0:00:04]} 12. Ne5 {[%emt 0:00:11]} Bxe5 {[%emt 0:00:05]} 13. dxe5 {
[%emt 0:00:25]} Bxe2 {[%emt 0:00:04]} 14. Nxe2 {[%emt 0:00:06]} Ne4 {[%emt 0:
00:07]} 15. f3 {[%emt 0:00:07]} Nc5 {[%emt 0:00:21]} 16. b4 {[%emt 0:00:04]}
Ne6 {[%emt 0:00:02]} 17. Bb2 {[%emt 0:00:02]} Qc7 {[%emt 0:00:13]} 18. Nd4 {
[%emt 0:00:13]} Nd7 {[%emt 0:00:08]} 19. Nxe6 {[%emt 0:00:19]} fxe6 {[%emt 0:
00:01]} 20. f4 {[%emt 0:00:00]} Nb6 {[%emt 0:00:01]} 21. Bd4 {[%emt 0:00:05]}
Nc4 {[%emt 0:00:02]} 22. Qg4 {[%emt 0:00:04]} Rae8 {[%emt 0:00:14]} 23. a4 {
[%emt 0:00:16]} b6 {[%emt 0:00:08]} 24. f5 {[%emt 0:00:10]} exf5 {[%emt 0:00:
13]} 25. Rxf5 {[%emt 0:00:02]} c5 {[%emt 0:00:24]} 26. bxc5 {[%emt 0:00:23]}
bxc5 {[%emt 0:00:02]} 27. Bc3 {[%emt 0:00:13]} Nxe3 {[%emt 0:00:13]} 28. Rxf8+
{[%emt 0:00:03]} Rxf8 {[%emt 0:00:10]} 29. Qg5 {[%emt 0:00:12]} d4 {[%emt 0:00:
06]} 30. e6 {[%emt 0:00:12]} Re8 {[%emt 0:00:22] '} 31. e7 {[%emt 0:00:20]}
Qxe7 {[%emt 0:00:01]} 32. Qxe7 {[%emt 0:00:01]} Rxe7 {[%emt 0:00:01]} 33. Bb2 {
[%emt 0:00:01]} Rd7 {[%emt 0:00:05] Zoschi gibt auf} 0-1

[Event "Benidorm Satellite preliminary"]
[Site "playchess.com #007036"]
[Date "2009.10.24"]
[Round "13"]
[White "Priscila"]
[Black "Wun2"]
[Result "0-1"]
[WhiteElo "1882"]
[BlackElo "1944"]
[PlyCount "68"]
[EventDate "2009.10.24"]
[EventType "swiss (blitz)"]

1. c4 {[%emt 0:00:01]} e6 {[%emt 0:00:01]} 2. g3 {[%emt 0:00:01]} d5 {[%emt 0:
00:01]} 3. Bg2 {[%emt 0:00:00]} Be7 {[%emt 0:00:02]} 4. Nf3 {[%emt 0:00:00]}
Nf6 {[%emt 0:00:02]} 5. O-O {[%emt 0:00:01]} O-O {[%emt 0:00:02]} 6. Nc3 {
[%emt 0:00:00]} c5 {[%emt 0:00:05]} 7. cxd5 {[%emt 0:00:02]} Nxd5 {[%emt 0:00:
02]} 8. Qb3 {[%emt 0:00:25]} Nc6 {[%emt 0:00:05]} 9. d3 {[%emt 0:00:07]} b6 {
[%emt 0:00:07]} 10. Nxd5 {[%emt 0:00:13]} exd5 {[%emt 0:00:02]} 11. Bf4 {[%emt
0:00:03]} Bb7 {[%emt 0:00:05]} 12. Rad1 {[%emt 0:00:04]} Kh8 {[%emt 0:00:09]}
13. Nd2 {[%emt 0:00:05]} Bf6 {[%emt 0:00:11]} 14. e4 {[%emt 0:00:19]} Nd4 {
[%emt 0:00:17]} 15. Qa4 {[%emt 0:00:22]} Bc6 {[%emt 0:00:07]} 16. Qa3 {[%emt 0:
00:06]} Nb5 {[%emt 0:00:47]} 17. Qb3 {[%emt 0:00:08]} Nd4 {[%emt 0:00:05]} 18.
Qa3 {[%emt 0:00:02]} dxe4 {[%emt 0:00:09]} 19. Nxe4 {[%emt 0:00:08]} Be7 {
[%emt 0:00:02]} 20. Rfe1 {[%emt 0:00:15]} Nc2 {[%emt 0:00:07]} 21. Qc3 {[%emt
0:00:06]} Nxe1 {[%emt 0:00:02]} 22. Rxe1 {[%emt 0:00:01]} f5 {[%emt 0:00:03]}
23. Nd2 {[%emt 0:00:13]} Bxg2 {[%emt 0:00:02]} 24. Kxg2 {[%emt 0:00:00]} Qd5+ {
[%emt 0:00:06]} 25. Kg1 {[%emt 0:00:07]} Bf6 {[%emt 0:00:01]} 26. Qa3 {[%emt 0:
00:11]} Rfe8 {[%emt 0:00:09]} 27. Rd1 {[%emt 0:00:04]} Bd4 {[%emt 0:00:12]} 28.
Nc4 {[%emt 0:00:08]} Re2 {[%emt 0:00:09]} 29. Rf1 {[%emt 0:00:05]} Rae8 {[%emt
0:00:04]} 30. Qxa7 {[%emt 0:00:04]} Bxf2+ {[%emt 0:00:20]} 31. Rxf2 {[%emt 0:
00:24]} Re1+ {[%emt 0:00:03]} 32. Rf1 {[%emt 0:00:03]} Rxf1+ {[%emt 0:00:02]}
33. Kxf1 {[%emt 0:00:00]} Qf3+ {[%emt 0:00:02]} 34. Kg1 {[%emt 0:00:11]} Re1# {
[%emt 0:00:01]} 0-1

[Event "Benidorm Satellite preliminary"]
[Site "playchess.com #007036"]
[Date "2009.10.24"]
[Round "13"]
[White "thin_white_duke"]
[Black "Jiriki"]
[Result "0-1"]
[WhiteElo "2408"]
[BlackElo "2551"]
[PlyCount "90"]
[EventDate "2009.10.24"]
[EventType "swiss (blitz)"]

1. d4 {[%emt 0:00:02]} e6 {[%emt 0:00:01]} 2. c4 {[%emt 0:00:01]} d5 {[%emt 0:
00:01]} 3. Nf3 {[%emt 0:00:02]} Nf6 {[%emt 0:00:01]} 4. g3 {[%emt 0:00:01]} Be7
{[%emt 0:00:01]} 5. Bg2 {[%emt 0:00:01]} O-O {[%emt 0:00:00]} 6. O-O {[%emt 0:
00:00]} dxc4 {[%emt 0:00:01]} 7. Qc2 {[%emt 0:00:01]} a6 {[%emt 0:00:01]} 8.
Qxc4 {[%emt 0:00:01]} b5 {[%emt 0:00:01]} 9. Qc2 {[%emt 0:00:00]} Bb7 {[%emt 0:
00:00]} 10. Bd2 {[%emt 0:00:01]} Bd6 {[%emt 0:00:03]} 11. Re1 {[%emt 0:00:10]}
Be4 {[%emt 0:00:02]} 12. Qc1 {[%emt 0:00:03]} Bb7 {[%emt 0:00:03]} 13. Qc2 {
[%emt 0:00:04]} Be4 {[%emt 0:00:05]} 14. Qb3 {[%emt 0:00:03]} Bd5 {[%emt 0:00:
07]} 15. Qd3 {[%emt 0:00:07]} c5 {[%emt 0:00:07]} 16. e4 {[%emt 0:00:05]} Bc4 {
[%emt 0:00:07]} 17. Qc2 {[%emt 0:00:01]} cxd4 {[%emt 0:00:04]} 18. e5 {[%emt 0:
00:04]} d3 {[%emt 0:00:07]} 19. Qd1 {[%emt 0:00:04]} Ra7 {[%emt 0:00:08]} 20.
exd6 {[%emt 0:00:13]} Qxd6 {[%emt 0:00:02]} 21. Bf4 {[%emt 0:00:02]} Qb4 {
[%emt 0:00:22]} 22. b3 {[%emt 0:00:04]} Bd5 {[%emt 0:00:01]} 23. Nbd2 {[%emt 0:
00:16]} Rd8 {[%emt 0:00:09]} 24. a3 {[%emt 0:00:03]} Qe7 {[%emt 0:00:16]} 25.
b4 {[%emt 0:00:07]} Nc6 {[%emt 0:00:03]} 26. Rc1 {[%emt 0:00:02]} Rad7 {[%emt
0:00:02]} 27. h3 {[%emt 0:00:08]} a5 {[%emt 0:00:02]} 28. Nh2 {[%emt 0:00:21]}
Bxg2 {[%emt 0:00:08]} 29. Kxg2 {[%emt 0:00:01]} Nd4 {[%emt 0:00:07]} 30. Rc5 {
[%emt 0:00:14]} axb4 {[%emt 0:00:08]} 31. axb4 {[%emt 0:00:02]} Nc2 {[%emt 0:
00:05]} 32. Rf1 {[%emt 0:00:14]} Rd5 {[%emt 0:00:10]} 33. Nhf3 {[%emt 0:00:10]}
Rxc5 {[%emt 0:00:11]} 34. bxc5 {[%emt 0:00:01]} Qxc5 {[%emt 0:00:00]} 35. g4 {
[%emt 0:00:03]} Nd5 {[%emt 0:00:03]} 36. Bg5 {[%emt 0:00:09]} f6 {[%emt 0:00:
01]} 37. Ne4 {[%emt 0:00:05]} Qc4 {[%emt 0:00:15]} 38. Nfd2 {[%emt 0:00:09]}
Qd4 {[%emt 0:00:07]} 39. Bh4 {[%emt 0:00:14]} Nce3+ {[%emt 0:00:02]} 40. fxe3 {
[%emt 0:00:01]} Nxe3+ {[%emt 0:00:00]} 41. Kh2 {[%emt 0:00:05]} Nxd1 {[%emt 0:
00:02]} 42. Rxd1 {[%emt 0:00:00]} Rc8 {[%emt 0:00:09]} 43. Bf2 {[%emt 0:00:02]}
Qd5 {[%emt 0:00:07]} 44. Be3 {[%emt 0:00:07]} Rc2 {[%emt 0:00:03]} 45. Ra1 {
[%emt 0:00:07]} Qxe4 {[%emt 0:00:04] thin_white_duke rinde} 0-1

[Event "Benidorm Satellite preliminary"]
[Site "playchess.com #007036"]
[Date "2009.10.24"]
[Round "13"]
[White "Kingsize"]
[Black "chess-vador"]
[Result "0-1"]
[WhiteElo "1512"]
[BlackElo "1784"]
[PlyCount "58"]
[EventDate "2009.10.24"]
[EventType "swiss (blitz)"]

1. e4 {[%emt 0:00:04]} c5 {[%emt 0:00:02]} 2. Nf3 {[%emt 0:00:02]} e6 {[%emt 0:
00:04]} 3. d4 {[%emt 0:00:01]} cxd4 {[%emt 0:00:01]} 4. Nxd4 {[%emt 0:00:01]}
Nc6 {[%emt 0:00:00]} 5. c4 {[%emt 0:00:02]} Nf6 {[%emt 0:00:02]} 6. Nc3 {[%emt
0:00:01]} Bb4 {[%emt 0:00:02]} 7. Nxc6 {[%emt 0:00:02]} bxc6 {[%emt 0:00:02]}
8. Bd3 {[%emt 0:00:01]} d5 {[%emt 0:00:04]} 9. exd5 {[%emt 0:00:03]} exd5 {
[%emt 0:00:10]} 10. O-O {[%emt 0:00:14]} O-O {[%emt 0:00:07]} 11. cxd5 {[%emt
0:00:02]} Nxd5 {[%emt 0:00:03]} 12. Nxd5 {[%emt 0:00:02]} Qxd5 {[%emt 0:00:04]}
13. Qc2 {[%emt 0:00:19]} h6 {[%emt 0:00:07]} 14. Be4 {[%emt 0:00:02]} Qh5 {
[%emt 0:00:14]} 15. Qxc6 {[%emt 0:00:16]} Rb8 {[%emt 0:00:19]} 16. Qc7 {[%emt
0:00:26]} Ba6 {[%emt 0:00:15]} 17. Be3 {[%emt 0:00:30]} Bxf1 {[%emt 0:00:10]}
18. Rxf1 {[%emt 0:00:01]} Rfc8 {[%emt 0:00:17]} 19. Qxa7 {[%emt 0:00:19]} Bd6 {
[%emt 0:00:03]} 20. g3 {[%emt 0:00:04]} Rxb2 {[%emt 0:00:06]} 21. Qd7 {[%emt 0:
00:03]} Rc4 {[%emt 0:00:47]} 22. Bd3 {[%emt 0:01:08] .} Rh4 {[%emt 0:00:43] '}
23. gxh4 {[%emt 0:00:05]} Qg6+ {[%emt 0:00:04]} 24. Kh1 {[%emt 0:00:03]} Qxd3 {
[%emt 0:00:02]} 25. Qe8+ {[%emt 0:00:02]} Kh7 {[%emt 0:00:01]} 26. Qxf7 {[%emt
0:00:03]} Qe4+ {[%emt 0:00:01]} 27. Kg1 {[%emt 0:00:02]} Qg4+ {[%emt 0:00:01]}
28. Kh1 {[%emt 0:00:02]} Qe4+ {[%emt 0:00:01]} 29. Kg1 {[%emt 0:00:01]} Qe5 {
[%emt 0:00:01] Time} 0-1

[Event "Benidorm Satellite preliminary"]
[Site "playchess.com #007036"]
[Date "2009.10.24"]
[Round "13"]
[White "JS_Mastropiero"]
[Black "Althusius"]
[Result "1-0"]
[WhiteElo "2059"]
[BlackElo "1882"]
[PlyCount "119"]
[EventDate "2009.10.24"]
[EventType "swiss (blitz)"]

1. d4 {[%emt 0:00:03]} Nf6 {[%emt 0:00:03]} 2. c4 {[%emt 0:00:02]} e6 {[%emt 0:
00:01]} 3. Nc3 {[%emt 0:00:02]} Bb4 {[%emt 0:00:05]} 4. Qc2 {[%emt 0:00:04]} b6
{[%emt 0:00:05]} 5. a3 {[%emt 0:00:02]} Bxc3+ {[%emt 0:00:03]} 6. Qxc3 {[%emt
0:00:01]} Bb7 {[%emt 0:00:01]} 7. Bg5 {[%emt 0:00:02]} O-O {[%emt 0:00:02]} 8.
e3 {[%emt 0:00:03]} h6 {[%emt 0:00:04]} 9. Bh4 {[%emt 0:00:02]} d6 {[%emt 0:00:
11]} 10. Ne2 {[%emt 0:00:02]} Nbd7 {[%emt 0:00:16]} 11. Qc2 {[%emt 0:00:03]} c5
{[%emt 0:00:15]} 12. dxc5 {[%emt 0:00:03]} dxc5 {[%emt 0:00:11]} 13. Nc3 {
[%emt 0:00:03]} Qc7 {[%emt 0:00:11]} 14. f3 {[%emt 0:00:08]} Qe5 {[%emt 0:00:
48]} 15. Bf2 {[%emt 0:00:05]} Rfd8 {[%emt 0:00:11]} 16. O-O-O {[%emt 0:00:01]}
Nf8 {[%emt 0:00:01]} 17. Be2 {[%emt 0:00:02]} a6 {[%emt 0:00:07]} 18. g3 {
[%emt 0:00:05]} Qc7 {[%emt 0:00:07]} 19. Rxd8 {[%emt 0:00:05]} Rxd8 {[%emt 0:
00:01]} 20. Rd1 {[%emt 0:00:00]} Rxd1+ {[%emt 0:00:01]} 21. Qxd1 {[%emt 0:00:
02]} Qd7 {[%emt 0:00:01]} 22. Qxd7 {[%emt 0:00:02]} N8xd7 {[%emt 0:00:00]} 23.
Kd2 {[%emt 0:00:06]} Kf8 {[%emt 0:00:01]} 24. e4 {[%emt 0:00:02]} Ke7 {[%emt 0:
00:03]} 25. b4 {[%emt 0:00:01]} Kd6 {[%emt 0:00:09]} 26. Na4 {[%emt 0:00:02]}
Bc6 {[%emt 0:00:14]} 27. Nxb6 {[%emt 0:00:03]} Nxb6 {[%emt 0:00:02]} 28. bxc5+
{[%emt 0:00:02]} Kd7 {[%emt 0:00:10]} 29. cxb6 {[%emt 0:00:00]} a5 {[%emt 0:00:
10]} 30. Bc5 {[%emt 0:00:09]} g6 {[%emt 0:00:04]} 31. Ke3 {[%emt 0:00:08]} Ba4
{[%emt 0:00:08]} 32. Kd2 {[%emt 0:00:05]} Kc6 {[%emt 0:00:01]} 33. Be3 {[%emt
0:00:01]} Nd7 {[%emt 0:00:03]} 34. Bxh6 {[%emt 0:00:06]} Nxb6 {[%emt 0:00:03]}
35. Kc3 {[%emt 0:00:01]} Kb7 {[%emt 0:00:09]} 36. c5 {[%emt 0:00:03]} Nd7 {
[%emt 0:00:03]} 37. Be3 {[%emt 0:00:02]} Nb8 {[%emt 0:00:01]} 38. e5 {[%emt 0:
00:04]} Nc6 {[%emt 0:00:02]} 39. f4 {[%emt 0:00:01]} Kc7 {[%emt 0:00:03]} 40.
Bf3 {[%emt 0:00:04]} Kd7 {[%emt 0:00:02]} 41. h4 {[%emt 0:00:03]} Kc7 {[%emt 0:
00:01]} 42. g4 {[%emt 0:00:01]} Kd7 {[%emt 0:00:01]} 43. h5 {[%emt 0:00:01]}
gxh5 {[%emt 0:00:02]} 44. gxh5 {[%emt 0:00:01]} Ne7 {[%emt 0:00:01]} 45. Be4 {
[%emt 0:00:02]} Ng8 {[%emt 0:00:06]} 46. c6+ {[%emt 0:00:02]} Bxc6 {[%emt 0:00:
02]} 47. Bxc6+ {[%emt 0:00:02]} Kxc6 {[%emt 0:00:00]} 48. f5 {[%emt 0:00:04]}
exf5 {[%emt 0:00:01]} 49. h6 {[%emt 0:00:01]} Nxh6 {[%emt 0:00:01]} 50. Bxh6 {
[%emt 0:00:01]} Kd5 {[%emt 0:00:01]} 51. Bg7 {[%emt 0:00:05]} f4 {[%emt 0:00:
02]} 52. Kd3 {[%emt 0:00:01]} Kc5 {[%emt 0:00:07]} 53. Ke4 {[%emt 0:00:01]} Kc4
{[%emt 0:00:03]} 54. Kxf4 {[%emt 0:00:01]} Kb3 {[%emt 0:00:01]} 55. Bf8 {[%emt
0:00:01]} Kc4 {[%emt 0:00:02]} 56. Kf5 {[%emt 0:00:01]} Kd5 {[%emt 0:00:01]}
57. Kf6 {[%emt 0:00:01]} a4 {[%emt 0:00:02]} 58. Bb4 {[%emt 0:00:02]} Ke4 {
[%emt 0:00:02]} 59. Bd6 {[%emt 0:00:01]} Kd5 {[%emt 0:00:01]} 60. Kxf7 {[%emt
0:00:01] Althusius resigns} 1-0